Stanovenie všeobecnej hodnoty pohľadávok

Na minha lista:
Detalhes bibliográficos
Autor principal: Kardoš, Peter
Formato: Capítulo de Livro
Idioma:eslovaco
Tags: Adicionar Tag
Sem tags, seja o primeiro a adicionar uma tag!

MARC

LEADER 00000naa$a2200000$$$4500
001 0148643
005 20240502072656.0
041 0 |a slo 
044 |a SK 
245 1 0 |a Stanovenie všeobecnej hodnoty pohľadávok  |c Peter Kardoš 
100 1 |a Kardoš, Peter